000
00327nam a22001457a 4500
008
230206b ||||| |||| 00| 0 eng d
020
_a
978047053067
041
_a
eng
080
_2
THIRD EDITION
_a
338
082
_a
338POW
100
_a
21
101
_a
MANAG
245
_a
MANAGEMENT SCIENCE
_c
POWELL G S
942
_2
udc
_c
BK
999
_c
59306
_d
59306